| 000 | 00725nam a2200229 a 4500 | ||
|---|---|---|---|
| 999 |
_c10343 _d10343 |
||
| 001 | 10343 | ||
| 003 | BD-JhCC | ||
| 005 | 20180424110703.0 | ||
| 008 | 180424s1996 bg |||| ||a| 000 0 ben d | ||
| 020 | _a9788129522535 | ||
| 035 | _a(BD-JhCC)10343 | ||
| 040 |
_aBD-JhCC _dBD-JhCC |
||
| 041 | _aben | ||
| 082 |
_a891.4415 _bROY 1996 |
||
| 100 | _aরায়, তারাপদ | ||
| 245 |
_aতারাপদ রায়ের শ্রেষ্ঠ কবিতা / _cতারাপদ রায় |
||
| 260 |
_aকলিকাতা : _bদে’জ পাবলিশিং, _c১৯৯৬. |
||
| 300 |
_a175 p. : _c22 cm. |
||
| 650 | _aCollection of Poems | ||
| 942 |
_2ddc _cBK |
||